Svetonázorové aspekty interpretácie výsledkov prírodných vied

Podrobná bibliografia
Hlavný autor: Němec, Pavel, 1912-1987 (Autor)
Médium: Článok
Jazyk:slovenčina

MARC

LEADER 00000nab a2200000ua 4500
001 vtls010755404
003 SK-MaSNL
005 20260304200131.0
008 250718s1976 xo |||||||||||||||||slo|
035 |a (urnnbn)urn:nbn:sk:snk:ar-a02ix5 
035 |a (uuid)aa22b63e-e32f-4bb6-88ad-03dfe3123371 
035 |a urn:nbn:sk:snk-ab4ldx 
040 |a SNKBUCL  |b slo  |c SNKBUCL  |e AACR2 
041 0 |a slo 
044 |a xo  |c SK 
100 1 |a Němec, Pavel,  |d 1912-1987  |4 aut  |9 161099 
245 1 0 |a Svetonázorové aspekty interpretácie výsledkov prírodných vied  |c Pavel Nemec 
773 0 |t Ateizmus : časopis pre otázky vedeckého ateizmu  |g Roč. 4, č. 3 (1976), s. 271-282 
850 |a Slovenská národná knižnica 
852 |a Slovenská národná knižnica 
954 |a odborná, vedecká literatúra pôvodná (slovenská)  |2 lita 
958 |a article3 
958 |a OND 
958 |a EUIPO 
999 |c 3085646  |d 3087576